000 00583nam a2200229Ia 4500
003 OSt
005 20221007071542.0
006 a|||||r|||| 00| 0
007 ta
008 221006b |||||||| |||| 00| 0 eng d
024 _a18,319
037 _cTextual
040 _aFLL
_cFLL
_beng
041 _2eng
_aeng
082 _aZv3:N5, K3
100 _aEddy J.P.
_9101027
245 0 _aJustice of the peace
260 _aLondon
_bCassell & Co. Ltd. England
_c1963
300 _a194p
_ccm.
942 _hZv3:N5, K3
_cTEXL
_2CC
999 _c1143648
_d1143648